Anar al contingut

Эффективное развитие сахарной промышленности как приоритет обеспечения продовольственной безопастности в условиях импортозамещения монография

В монографии изложены теоретические подходы к пониманию значимости сахарной промышленности для экономики страны, определены критерии, показатели и факторы ее результативности, дана оценка ресурсного потенциала отрасли в контексте проблемы импортозамещения и обеспечения продовольственной безопасности...

Descripció completa

Guardat en:
Dades bibliogràfiques
Autor principal: Калиничева Е. Ю.
Altres autors: Уварова М. Н., Уваров Д. В.
Format: Книга
Idioma:Russian
Publicat: Орел ОрелГАУ 2016
Accés en línia:https://e.lanbook.com/book/106932
https://e.lanbook.com/img/cover/book/106932.jpg
Etiquetes: Afegir etiqueta
Sense etiquetes, Sigues el primer a etiquetar aquest registre!
LEADER 02584nam0a2200265 i 4500
001 106932
003 RuSpLAN
005 20221220174013.0
008 221220s2016 ru gs 000 0 rus
040 |a RuSpLAN 
041 0 |a rus 
044 |a ru 
080 |a 338.439.4:664.12:338.439.01.001.25 
245 0 0 |a Эффективное развитие сахарной промышленности как приоритет обеспечения продовольственной безопастности в условиях импортозамещения  |b монография  |c Калиничева Е. Ю.,Уварова М. Н.,Уваров Д. В. 
260 |a Орел  |b ОрелГАУ  |c 2016 
300 |a 163 с. 
504 |a Библиогр.: доступна в карточке книги, на сайте ЭБС Лань 
520 8 |a В монографии изложены теоретические подходы к пониманию значимости сахарной промышленности для экономики страны, определены критерии, показатели и факторы ее результативности, дана оценка ресурсного потенциала отрасли в контексте проблемы импортозамещения и обеспечения продовольственной безопасности страны, рассмотрены вопросы сырьевого обеспечения сахарной промышленности отечественным сырьем, предложен механизм экономических взаимоотношений производителей и переработчиков сырья. Монография предназначена для научных сотрудников, преподавателей, студентов и аспирантов ВУЗов экономического профиля. Может быть полезной руководителям и специалистам организаций АПК и предприятий сахарной промышленности. 
521 8 |a Книга из коллекции ОрелГАУ - Ветеринария и сельское хозяйство 
100 1 |a Калиничева Е. Ю. 
700 1 |a Уварова М. Н. 
700 1 |a Уваров Д. В. 
856 4 |u https://e.lanbook.com/book/106932 
856 4 8 |u https://e.lanbook.com/img/cover/book/106932.jpg 
953 |a https://e.lanbook.com/img/cover/book/106932.jpg 
Cannot write session to /tmp/vufind_sessions/sess_dcbvk0jpldbja53tlak5sto915